声母zh开头的中国县级行政区(点位地图版) - Statistics

General Stats
  • This quiz has been taken 16 times
  • The average score is 73 of 98
Answers on the Map
Answers color-coded by a green-red scale on the quiz's map according to % correct below.
 
Answer Stats
省级行政区 地级行政区 县级行政区 % Correct
江苏省 苏州市 张家港市
100%
河南省 郑州市 中原区
100%
甘肃省 定西市 漳县
100%
河北省 石家庄市 赵县
92%
河北省 保定市 涿州市
92%
辽宁省 大连市 中山区
92%
浙江省 宁波市 镇海区
92%
浙江省 绍兴市 诸暨市
92%
山东省 烟台市 芝罘区
92%
山东省 烟台市 招远市
92%
河南省 郑州市 中牟县
92%
湖北省 荆门市 钟祥市
92%
湖南省 怀化市 芷江侗族自治县
92%
广东省 韶关市 浈江区
92%
重庆市 (直辖) 忠县
92%
河北省 张家口市 张北县
83%
内蒙古自治区 鄂尔多斯市 准格尔旗
83%
辽宁省 大连市 庄河市
83%
黑龙江省 绥化市 肇东市
83%
福建省 漳州市 漳浦县
83%
福建省 龙岩市 漳平市
83%
福建省 宁德市 周宁县
83%
山东省 济南市 章丘区
83%
河南省 南阳市 镇平县
83%
湖北省 宜昌市 枝江市
83%
湖南省 衡阳市 蒸湘区
83%
贵州省 遵义市 正安县
83%
云南省 曲靖市 沾益区
83%
云南省 昭通市 昭阳区
83%
陕西省 延安市 志丹县
83%
宁夏回族自治区 中卫市 中宁县
83%
河北省 张家口市 涿鹿县
75%
山西省 长治市 长子县
75%
内蒙古自治区 通辽市 扎鲁特旗
75%
内蒙古自治区 呼伦贝尔市 扎赉诺尔区
75%
内蒙古自治区 呼伦贝尔市 扎兰屯市
75%
内蒙古自治区 乌兰察布市 卓资县
75%
内蒙古自治区 兴安盟 扎赉特旗
75%
内蒙古自治区 锡林郭勒盟 正蓝旗
75%
辽宁省 丹东市 振兴区
75%
吉林省 白城市 镇赉县
75%
黑龙江省 大庆市 肇州县
75%
黑龙江省 大庆市 肇源县
75%
福建省 宁德市 柘荣县
75%
江西省 宜春市 樟树市
75%
山东省 淄博市 张店区
75%
山东省 淄博市 周村区
75%
山东省 潍坊市 诸城市
75%
山东省 滨州市 沾化区
75%
湖北省 十堰市 竹山县
75%
湖北省 十堰市 竹溪县
75%
湖南省 衡阳市 珠晖区
75%
湖南省 怀化市 中方县
75%
广西壮族自治区 贺州市 钟山县
75%
贵州省 六盘水市 钟山区
75%
贵州省 安顺市 镇宁布依族苗族自治县
75%
贵州省 毕节市 织金县
75%
贵州省 黔东南苗族侗族自治州 镇远县
75%
陕西省 西安市 周至县
75%
陕西省 安康市 镇坪县
75%
甘肃省 天水市 张家川回族自治县
75%
甘肃省 庆阳市 正宁县
75%
甘肃省 庆阳市 镇原县
75%
甘肃省 甘南藏族自治州 舟曲县
75%
河北省 石家庄市 正定县
67%
山西省 吕梁市 中阳县
67%
内蒙古自治区 锡林郭勒盟 正镶白旗
67%
辽宁省 丹东市 振安区
67%
辽宁省 阜新市 彰武县
67%
江苏省 常州市 钟楼区
67%
福建省 漳州市 诏安县
67%
福建省 南平市 政和县
67%
江西省 景德镇市 珠山区
67%
江西省 赣州市 章贡区
67%
河南省 商丘市 柘城县
67%
河南省 驻马店市 正阳县
67%
四川省 德阳市 中江县
67%
四川省 广元市 昭化区
67%
云南省 普洱市 镇沅彝族哈尼族拉祜族自治县
67%
陕西省 商洛市 镇安县
67%
陕西省 商洛市 柞水县
67%
甘肃省 甘南藏族自治州 卓尼县
67%
新疆维吾尔自治区 伊犁哈萨克自治州 昭苏县
67%
辽宁省 营口市 站前区
58%
河南省 焦作市 中站区
58%
湖北省 十堰市 张湾区
58%
广西壮族自治区 贺州市 昭平县
58%
云南省 昭通市 镇雄县
58%
云南省 临沧市 镇康县
58%
西藏自治区 日喀则市 仲巴县
58%
甘肃省 平凉市 庄浪县
58%
青海省 玉树藏族自治州 治多县
58%
河南省 平顶山市 湛河区
50%
四川省 凉山彝族自治州 昭觉县
50%
贵州省 黔西南布依族苗族自治州 贞丰县
50%
西藏自治区 山南市 扎囊县
50%
西藏自治区 阿里地区 札达县
50%
陕西省 汉中市 镇巴县
50%
No matching quizzes found
Score Distribution
Percent of People with Each Score
Percentile by Number Answered
Your Score History
You have not taken this quiz